[Event "Biel Suri Memorial"]
[Site "Biel"]
[Date "2014.07.17"]
[Round "4"]
[White "Giri, Anish"]
[Black "Motylev, Alexander"]
[Result "1-0"]
[WhiteElo "2750"]
[BlackElo "2698"]
[Annotator "CB"]
[PlyCount "105"]
[EventDate "2014.07.14"]
[EventType "tourn"]
[EventRounds "10"]
[EventCountry "SUI"]
[EventCategory "19"]
[SourceTitle "CBM 162"]
[Source "ChessBase"]
[SourceDate "2014.09.17"]
[SourceVersion "1"]
[SourceVersionDate "2014.09.17"]
[SourceQuality "1"]

1. d4 d5 2. c4 c6 3. Nf3 Nf6 4. e3 Bf5 5. Nc3 e6 6. Nh4 Bg6 7. Qb3 Qc7 8. Nxg6
hxg6 9. g3 Nbd7 10. Bg2 Be7 11. O-O O-O 12. cxd5 exd5 13. f3 b5 14. Ne2 Qb6 15.
Kh1 c5 {A typical Slav battle. White has the pair of bishops but Black has
counterplay and good pieces.} 16. Qd1 Rfe8 17. g4 Rad8 18. Bd2 (18. g5 Nh5 19.
f4 {usually tends to favor White, however Giri might have been worried about
the hole left on e4.}) 18... g5 19. a4 b4 20. a5 Qb8 21. dxc5 Bxc5 22. Nd4 Ne5
{Black's activity keeps increasing while White's position has not made much
progress.} 23. b3 Rc8 24. Ra2 Nc6 25. Rc2 Nxa5 {Black wins a pawn, but his
knight must now remain in the rim for some time.} 26. Qb1 Bb6 27. Rxc8 Rxc8 28.
Nf5 Bc5 29. Qb2 Bf8 30. e4 dxe4 31. Bxg5 exf3 32. Bxf3 Qb5 33. Rd1 Rd8 34. Rg1
Rd3 (34... Qd3 $1 {This controlling move was important to thwart White's
threats.} 35. Qg2 Qc3 $1 $15) 35. Qe2 Nh7 $2 {Missing White's response.} 36.
Nd4 $1 {There's no good way to keep the queen defending the rook!} Qd7 (36...
Qa6 37. Be4 $16) 37. Qxd3 Nxg5 38. Rd1 $16 {White simply has more material
here.} Bc5 39. Nc6 Qxd3 40. Rxd3 Nxc6 41. Bxc6 Ne6 42. Rd7 Bb6 43. Bd5 Nd8 44.
Re7 Kf8 45. Re4 a5 46. Kg2 g5 47. Kf3 f6 48. h3 Bc7 49. Rc4 Bb6 50. Re4 Bc7 51.
Re2 Be5 52. Ra2 Bc7 53. Rc2 1-0

[Event "Dilijan FIDE GP (Women)"]
[Site "Dilijan"]
[Date "2013.06.24"]
[Round "8"]
[White "Danielian, Elina"]
[Black "Ushenina, Anna"]
[Result "1/2-1/2"]
[WhiteElo "2475"]
[BlackElo "2499"]
[Annotator "CB"]
[PlyCount "109"]
[EventDate "2013.06.16"]
[EventType "tourn"]
[EventRounds "11"]
[EventCountry "ARM"]
[EventCategory "11"]
[SourceTitle "CBM 155"]
[Source "ChessBase"]
[SourceDate "2013.07.16"]
[SourceVersion "1"]
[SourceVersionDate "2013.07.16"]
[SourceQuality "1"]

{Danielyan had a strong initiative against Ushenina during the entire game.} 1.
d4 d5 2. c4 c6 3. Nf3 Nf6 4. e3 Bf5 5. Nc3 e6 6. Nh4 Bg6 7. Nxg6 hxg6 8. g3
Nbd7 9. Bg2 dxc4 10. Qe2 Nb6 11. a4 a5 12. O-O Be7 13. Rd1 Qc7 14. e4 e5 15.
Be3 Nfd7 16. h4 O-O 17. h5 gxh5 18. Qxh5 g6 19. Qh6 Bf6 20. d5 Qd6 21. Bf3 Bg7
22. Qh3 Rfd8 23. Kg2 cxd5 24. Nxd5 Nxd5 25. Rxd5 Qe7 26. Rh1 Nf6 27. Rb5 Rd3
28. Bh6 Qf8 29. Bxg7 Qxg7 30. Rxe5 Nh7 31. Rc5 Rd2 32. e5 Rxb2 33. Bd5 Rf8 34.
Qh4 Rb4 35. Rxc4 ({Here White could play} 35. Rxa5 {and Bxc4 on the next move.
Black's pieces are very passive and they cannot put up any resistance.}) 35...
Rxc4 36. Bxc4 Re8 37. f4 Nf8 38. Rc1 g5 39. Qxg5 Qxg5 40. fxg5 Rxe5 41. Rf1 Re7
{In time trouble Elina has missed a number of chances to score her first
victory in this tournament.} 42. Rf5 b6 43. Rf6 Ne6 44. g6 Kg7 45. Rxf7+ Rxf7
46. gxf7 Nc5 47. Bb5 Kxf7 48. Kf3 Kf6 49. Kf4 Ne6+ 50. Ke4 Kg5 51. Kd5 Nc5 52.
Kc6 Nxa4 53. Bxa4 Kg4 54. Kxb6 Kxg3 55. Kxa5 1/2-1/2

[Event "Lopota FIDE GP (Women)"]
[Site "Lopota"]
[Date "2014.06.21"]
[Round "3"]
[White "Zhao, Xue"]
[Black "Stefanova, Antoaneta"]
[Result "0-1"]
[WhiteElo "2538"]
[BlackElo "2488"]
[Annotator "CB"]
[PlyCount "72"]
[EventDate "2014.06.19"]
[EventType "tourn"]
[EventRounds "11"]
[EventCountry "GEO"]
[EventCategory "11"]
[SourceTitle "CBM 161 Extra"]
[Source "ChessBase"]
[SourceDate "2014.08.29"]
[SourceVersion "1"]
[SourceVersionDate "2014.08.29"]
[SourceQuality "1"]

1. d4 d5 2. c4 c6 3. Nf3 Nf6 4. Nbd2 Bf5 ({Oft geschieht hier auch} 4... e6) 5.
e3 h6 6. Ne5 ({Der Hauptzug in dieser selten gespielten Variante ist} 6. b4)
6... e6 7. Bd3 Bxd3 8. Nxd3 Nbd7 9. b3 ({Ein Vorgänger verlief so:} 9. Ne5
Nxe5 10. dxe5 Nd7 11. cxd5 cxd5 12. f4 Bc5 13. Nb3 Qb6 14. Qd3 O-O 15. Bd2 a5
16. a4 Bb4 17. O-O Bxd2 18. Nxd2 Rac8 19. Rfc1 Qxb2 20. Rcb1 Qc2 21. Qxc2 Rxc2
22. Rxb7 Rxd2 23. Rxd7 Rc8 24. Kh1 Rcc2 25. Rg1 Ra2 26. h4 h5 27. Ra7 Rxa4 28.
Rb1 Raa2 29. Rbb7 Rxg2 30. Rxf7 Rg4 31. f5 Rxh4+ 32. Kg1 Rg4+ 33. Kh1 exf5 34.
e6 Re2 35. e4 Rexe4 36. Rxf5 Rxe6 37. Rxd5 Rh6 38. Raxa5 h4 39. Kh2 h3 40. Rh5
Rh4 41. Rhg5 {1/2-1/2 (41) Lange,H-Groenegress,W (2215) Meinberg 1986}) 9...
Qa5 $5 {Mit einer witzigen Idee.} 10. O-O Qc3 {Doppelangriff!} 11. Nb1 {
Weiß offeriert den Turm als Gastgeschenk, in der Hoffnung die Dame zu fangen.}
({Nach} 11. Nf3 Qxa1 12. Qc2 Bd6 13. Bd2 Qxf1+ 14. Kxf1 $11 {hat Schwarz die
Dame gegen zwei Türme getauscht.}) ({Möglich war auch} 11. Nb2) 11... Qxa1
12. Qc2 c5 13. a3 ({Mit} 13. Nc3 Rc8 14. dxc5 {kann Weiß wieder den Tausch
Dame gegen zwei Türme anstreben:} Nxc5 15. Ba3 Qxf1+ 16. Kxf1 $11) 13... dxc4
14. bxc4 b5 {Linienöffnung am Damenflügel so der schwarzen Dame eine
Rückzugsmöglichkeit eröffnen.} 15. cxb5 c4 16. Nf4 $6 ({Möglich war} 16.
Bb2 cxd3 17. Qb3 Qxb2 18. Qxb2 Be7 {Schwarz hat dann Turm und zwei
Leichtfiguren für die Dame, außerdem ein paar Bauern weniger, mit wohl
besseren Möglichkeiten für Schwarz.}) 16... Rb8 (16... c3 $1 {mit der
pfiffigen Idee} 17. Nxc3 Rc8 18. Bb2 Qa2) 17. Bd2 Bxa3 {Schwarz hat noch ein
andere Befreiungsidee.} 18. Bc3 Bb2 $1 {So!} 19. Bxb2 Qa2 20. Nc3 Qb3 21. Qxb3
cxb3 {Nun hat die ganze Operation Schwarz eine Qualität eingebracht.} 22. Ba3
Nb6 23. Rb1 Nbd5 24. Nfxd5 Nxd5 25. Nxd5 exd5 26. Rxb3 Kd7 27. Bc5 a5 28. Ba7 (
{Besser war} 28. Kf1 $15) 28... Rb7 29. b6 {Diese Manöver mit Einsperrung des
eigenen Läufers auf a7, war keine gute Idee.} Rc8 30. Kf1 Rc1+ {a-Bauer und
der eingedrungene Turm entscheiden nun die Partie.} 31. Ke2 Rc2+ 32. Kf3 Kc6
33. g4 a4 34. Rb1 a3 35. Rb3 a2 36. Ra3 Kb5 0-1

[Event "Grenke Chess Classic 1st"]
[Site "Baden-Baden"]
[Date "2013.02.13"]
[Round "6"]
[White "Meier, Georg"]
[Black "Caruana, Fabiano"]
[Result "1/2-1/2"]
[WhiteElo "2640"]
[BlackElo "2757"]
[Annotator "CB"]
[PlyCount "94"]
[EventDate "2013.02.07"]
[EventType "tourn"]
[EventRounds "10"]
[EventCountry "GER"]
[EventCategory "19"]
[SourceTitle "CBM 153"]
[Source "ChessBase"]
[SourceDate "2013.03.14"]
[SourceVersion "1"]
[SourceVersionDate "2013.03.14"]
[SourceQuality "1"]

1. d4 d5 2. c4 c6 3. Nf3 Nf6 4. e3 Bf5 5. Nc3 e6 6. Nh4 Bg6 7. Be2 Nbd7 8. O-O
Ne4 9. g3 Nd6 10. b3 Be7 11. Nxg6 hxg6 12. Qd3 Nf6 13. Bf3 g5 14. Bg2 g4 {
Caruana was unhappy with how he played the opening. He said his plan "was
probably a bit ambitious - the pawn on g4 just turned out to be a little weak,
" and added, "the position looks normal but I just didn't see any plan."} 15.
Rd1 Qc7 ({Fabiano explained the concrete problems for Black with an
"attacking" line where he wins the h2-pawn but is going to get crushed in the
centre after} 15... Qa5 $6 16. Bd2 dxc4 17. bxc4 Qh5 18. c5 Qxh2+ 19. Kf1) 16.
Bb2 Rd8 17. Rac1 Qa5 18. c5 Nf5 19. a3 Qc7 20. Qe2 Nh6 21. e4 dxe4 22. Nxe4
Nxe4 23. Bxe4 O-O 24. b4 Bf6 25. a4 Rfe8 26. b5 Re7 27. Rd3 Red7 28. Rcd1 Nf5
29. Qxg4 Bxd4 $2 30. Bxd4 ({The win is surprising and pretty, but also forced
and relatively simple:} 30. Qf4 $3 Qc8 (30... Qxf4 {loses a piece}) 31. Bxf5
Bxb2 32. Rxd7 Rxd7 33. Rxd7 Qxd7 {and after everything has been traded off
there's the final blow} 34. Qb8+ {and mate.}) ({The players explained
afterwards that they'd missed the above line because they were both
calculating another much more complicated forced line:} 30. Bxf5 Bxb2 31. b6
axb6 32. cxb6 Qc8 33. Bxe6 Rxd3 34. Bxc8 Rxd1+ 35. Kg2 R1d4 36. Qe2 Rxc8 37.
Qxb2 Rxa4 {and the position's equal.}) 30... Nxd4 31. Rxd4 Rxd4 32. Rxd4 {
After everything was exchanged on d4, even the nice finesse} Rxd4 33. Bh7+ $1 {
couldn't bring Meier anything more than a drawn queen ending.} Kxh7 34. Qxd4
Kg8 35. b6 axb6 36. cxb6 Qe7 37. a5 Qa3 38. Qe5 Kh7 39. h4 Qd3 40. Kg2 Qc4 41.
Kf3 Qd3+ 42. Kg2 Qc4 43. Qc7 Qe4+ 44. Kg1 Qe1+ 45. Kg2 Qe4+ 46. Kg1 Qe1+ 47.
Kg2 Qe4+ 1/2-1/2

[Event "Grenke Chess Classic 1st"]
[Site "Baden-Baden"]
[Date "2013.02.10"]
[Round "4"]
[White "Naiditsch, Arkadij"]
[Black "Meier, Georg"]
[Result "1-0"]
[WhiteElo "2716"]
[BlackElo "2640"]
[Annotator "CB"]
[PlyCount "65"]
[EventDate "2013.02.07"]
[EventType "tourn"]
[EventRounds "10"]
[EventCountry "GER"]
[EventCategory "19"]
[SourceTitle "CBM 153"]
[Source "ChessBase"]
[SourceDate "2013.03.14"]
[SourceVersion "1"]
[SourceVersionDate "2013.03.14"]
[SourceQuality "1"]

1. d4 Nf6 2. Nf3 d5 3. e3 c6 4. c4 Bf5 5. Nc3 e6 6. Be2 Nbd7 7. O-O Bd6 8. c5
Bc7 9. b4 Ne4 10. Nxe4 Bxe4 $146 (10... dxe4 {Alekhine took the white knight
with his pawn - a move Houdini still approves of - while Meier went for a
novelty.} 11. Nd2 h5 12. f4 g5 13. g3 Nf6 14. Bb2 gxf4 15. exf4 h4 16. Qb3 hxg3
17. hxg3 Nd5 18. Nc4 Nxf4 19. Rae1 Qg5 20. d5 Nd3 {0-1 (20) Kmoch,H-Alekhine,A
Vienna 1922}) 11. b5 Bxf3 12. Bxf3 cxb5 13. Qb3 b6 14. c6 Nf6 ({Naiditsch used
an unprintable exclamation to express his emotions after spending 30 minutes
mulling the consequences of} 14... Nb8 $5 {only to see Georg Meier instantly
respond to 14.c6 with 14...Nf6.}) 15. Qxb5 a6 16. Qa4 {Meier now spoiled an
apparently sound position with the terrible} Ne4 $2 {admitting he'd
"completely failed to realise" that he couldn't follow exchanges on e4 with ...
f5 as d5 simply wins - Black can't survive when White opens the d-file with a
pawn on c6.} 17. Bxe4 dxe4 18. Ba3 h5 {Meier eventually did play ...h5, as
Alekhine had done in the Kmoch game, and even showed ...h5 in combination with
...g5 in the press conference (much to Naiditsch's bewilderment), but things
didn't follow the same scenario in 2013.} 19. f3 b5 20. Qb4 {By this stage
Meier was already in desperate time trouble and logically the game should
simply have ended in a straightforward strategic victory, but perhaps some of
the spirit of Alekhine returned as Meier seized his last chance with} Qh4 21.
h3 $6 {Naiditsch thought this was just winning the game.} ({After} 21. f4 {
White would be well on top, as Naiditsch realised.}) {He admitted he'd simply
blundered by losing the a3-bishop after} 21... a5 22. Qxb5 Qg3 23. fxe4 Qxe3+
24. Kh1 Qxa3 {and that he was lucky that he still had} 25. Qb7 $1 Qg3 ({
Here Meier was down to seconds and understandably missed the stunning drawing
line} 25... Qd6 $3 26. Qxa8+ Ke7 27. e5 Qxd4 28. Qxh8 (28. Rad1 Qxd1 $1) 28...
Qxe5 $1 {and Black's queen and bishop give perpetual check.}) 26. e5 O-O 27.
Qxc7 Qc3 28. Qd6 Rad8 29. Rfc1 $2 {A bad case of moving the wrong rook.} Rxd6
$4 ({Meier had prosaic chances of holding a draw with} 29... Qxd4 $1) 30. Rxc3
Rxd4 31. c7 $1 {and the fat lady was well and truly singing. Meier said he
considered resigning on the spot but then decided to show the spectators the
neat} Rc8 32. Rb1 Rb4 33. Rd1 1-0

[Event "Krakow op 21st"]
[Site "Krakow"]
[Date "2011.01.03"]
[Round "8"]
[White "Mertanen, Janne"]
[Black "Sieciechowicz, Marcin"]
[Result "0-1"]
[WhiteElo "2318"]
[BlackElo "2446"]
[Annotator "CB"]
[PlyCount "68"]
[EventDate "2010.12.27"]
[EventType "swiss"]
[EventRounds "9"]
[EventCountry "POL"]
[SourceTitle "CBM 140 Extra"]
[Source "ChessBase"]
[SourceDate "2011.03.01"]
[SourceVersion "1"]
[SourceVersionDate "2011.03.01"]
[SourceQuality "1"]

1. d4 d5 2. c4 c6 3. Nf3 Nf6 4. e3 {He played this move two rounds earlier and
won. I was happy about the repetition, because it led to my favourite line.}
Bf5 5. Nc3 e6 6. Nh4 Bg6 7. Be2 Nbd7 8. O-O Bd6 9. g3 O-O 10. Nxg6 hxg6 11. Qb3
{I do not understand this move. I want to play on the queenside and his queen
on b3 can only help me.} Rb8 12. Rd1 Qe7 13. Qc2 {He admits that his queen was
misplaced.} dxc4 14. Bxc4 b5 15. Be2 Rfc8 16. Bd2 a6 17. a4 c5 $5 {I was not
able to calculate all the lines that might occur after this move, but felt I
was OK.} 18. axb5 axb5 19. Nxb5 cxd4 20. Qd3 $6 {An oversight. #} Ne5 $1 21.
Qb1 {Now he realised that} (21. Qxd4 Rxb5 22. Bxb5 Nf3+ {is curtains.}) ({After
} 21. Qb3 {I saw} d3 22. Bxd3 Nf3+ 23. Kg2 Qb7 {and assessed that White's
position would be difficult.}) 21... Rxb5 $1 {Another intuitive solution.} 22.
Bxb5 Nf3+ 23. Kf1 Nxh2+ 24. Kg2 Qb7+ 25. Kxh2 {#} Ng4+ ({It was clear that
after} 25... Qxb5 {Black has more than excellent compensation, but I wanted to
get to his king.}) 26. Kg1 Qf3 27. Be1 dxe3 28. fxe3 Bxg3 (28... Bc5 $1 {
finished immediately.}) 29. Rd2 Rc5 {the rook is heading to h1} 30. Qd1 Qxe3+
31. Kg2 Qf4 32. Qa4 Ne3+ 33. Kg1 Bf2+ 34. Rxf2 Qg3+ {He cannot avoid being
mated.} 0-1

[Event "Corus-C"]
[Site "Wijk aan Zee"]
[Date "2009.01.22"]
[Round "5"]
[White "Giri, Anish"]
[Black "Hillarp Persson, Tiger"]
[Result "0-1"]
[WhiteElo "2469"]
[BlackElo "2586"]
[Annotator "CB"]
[PlyCount "62"]
[EventDate "2009.01.17"]
[EventType "tourn"]
[EventRounds "13"]
[EventCountry "NED"]
[EventCategory "11"]
[SourceTitle "CBM 129"]
[Source "ChessBase"]
[SourceDate "2009.03.25"]
[SourceVersion "1"]
[SourceVersionDate "2009.03.25"]
[SourceQuality "1"]

1. d4 d5 2. c4 c6 3. Nf3 Nf6 4. e3 Bf5 5. Nc3 e6 6. Nh4 Be4 7. f3 Bg6 {An
extremely daring choice.} 8. Qb3 b5 $6 ({An extremely daring choice. Does
Black really have enough after the capture on b5? Giri decides to believe his
opponent and play things positionally.} 8... Qb6 {would be the normal move.})
9. cxd5 exd5 10. Nxg6 hxg6 11. Bd2 a5 12. O-O-O $2 ({Really a case of castling
into it.} 12. Bd3 {looks much safer.}) 12... Be7 13. g4 Na6 14. Qc2 a4 15. h4
Nb4 16. Qb1 a3 17. b3 Qd6 18. Be2 Rc8 19. h5 gxh5 20. gxh5 Qe6 21. f4 $2 c5 $1
22. h6 Rxh6 23. Rxh6 gxh6 24. Bxb5+ Kd8 {An original position. The black king
turns out to be as safe as houses on d8, whereas the white monarch is facing
extinction.} 25. Bd3 cxd4 26. exd4 Qh3 27. Bc4 ({Desperation, as he cannot
save material. If} 27. Be1 Qe3+ {mates.}) 27... dxc4 28. bxc4 Rxc4 29. Qb3 Rc8
30. Be1 Nfd5 31. Qa4 Rxc3+ 0-1

[Event "Paris FIDE GP"]
[Site "Elancourt"]
[Date "2013.09.28"]
[Round "6"]
[White "Wang, Hao"]
[Black "Giri, Anish"]
[Result "1/2-1/2"]
[WhiteElo "2747"]
[BlackElo "2737"]
[Annotator "ChessBase Website"]
[PlyCount "86"]
[EventDate "2013.09.22"]
[EventType "tourn"]
[EventRounds "11"]
[EventCountry "FRA"]
[EventCategory "20"]
[SourceTitle "CBM 157"]
[Source "ChessBase"]
[SourceDate "2013.11.12"]
[SourceVersion "1"]
[SourceVersionDate "2013.11.12"]
[SourceQuality "1"]
[TimeControl "40/7200:20/3600:900+30"]
[WhiteClock "2:00:00"]
[BlackClock "2:00:00"]

1. d4 {[%emt 0:00:04]} d5 {[%emt 0:00:02]} 2. c4 {[%emt 0:00:06]} c6 {[%emt 0:
00:02]} 3. Nf3 {[%emt 0:00:07]} Nf6 {[%emt 0:00:03]} 4. e3 {[%emt 0:01:16]} Bf5
{[%emt 0:00:36]} 5. Nc3 {[%emt 0:00:06]} e6 {[%emt 0:00:02]} 6. Nh4 {[%emt 0:
00:09]} Be4 {[%emt 0:00:01]} 7. f3 {[%emt 0:00:11]} Bg6 {[%emt 0:00:01]} 8. Qb3
{[%emt 0:00:08]} Qc7 {[%emt 0:00:03]} 9. Bd2 {[%emt 0:00:10]} Be7 {[%emt 0:00:
02]} 10. Nxg6 {[%emt 0:00:07]} hxg6 {[%emt 0:00:03]} 11. O-O-O {[%emt 0:00:09]}
dxc4 {[%emt 0:00:04]} 12. Bxc4 {[%emt 0:00:08]} b5 {[%emt 0:00:06]} 13. Bd3 {
[%emt 0:00:03]} a6 {[%emt 0:01:21]} 14. Kb1 {[%emt 0:02:03]} c5 {[%emt 0:02:06]
} 15. dxc5 {[%emt 0:00:33]} Nbd7 {[%emt 0:02:09]} 16. Ne4 {[%emt 0:01:46]} Nxe4
{[%emt 0:06:04]} 17. Bxe4 {[%emt 0:00:10]} Nxc5 {[%emt 0:00:26]} 18. Qc3 {
[%emt 0:06:41]} Bf6 {[%emt 0:01:02]} 19. Qc2 {[%emt 0:00:07]} Rc8 {[%emt 0:00:
12]} 20. Rc1 {[%emt 0:01:15]} O-O {[%emt 0:03:24]} 21. Bb4 {[%emt 0:02:04]} Qe5
{[%emt 0:09:33]} 22. Bc3 {[%emt 0:27:06]} Qb8 {[%emt 0:06:39]} 23. Bxf6 {
[%emt 0:01:54]} Nxe4 $146 {[%emt 0:04:27] The Chinese player decided to repeat
a line that was seen in the game Karpov-Caruana from 2008. Giri was very
familiar with the variation, and it is little wonder that he was - it is known
that Giri and Caruana have used Chuchelov as a second in previous years. Wang
Hao did not provide any clear improvement on the aforementioned game and Giri
obtained equality without issues. White had no real chances in the resulting
rook endgame.} (23... gxf6 24. Bxg6 Nd7 25. Qe4 fxg6 26. Qxg6+ Kh8 27. Qg8+
Kxg8 {1/2-1/2 (29) Karpov,A (2651)-Caruana,F (2640) Cap d'Agde 2008}) 24. Qxe4
{[%emt 0:00:08]} gxf6 {[%emt 0:00:03]} 25. Qf4 {[%emt 0:00:14]} Qb6 {[%emt 0:
07:31]} 26. h4 {[%emt 0:02:49]} e5 {[%emt 0:01:36]} 27. Qe4 {[%emt 0:00:19]}
Qd6 {[%emt 0:04:51]} 28. Rcd1 {[%emt 0:08:51]} Qc6 {[%emt 0:05:33]} 29. Qxc6 {
[%emt 0:10:51]} Rxc6 {[%emt 0:00:04]} 30. h5 {[%emt 0:00:06]} gxh5 {[%emt 0:02:
21]} 31. Rxh5 {[%emt 0:00:07]} Rfc8 {[%emt 0:00:26]} 32. Rhh1 {[%emt 0:03:35]}
Kf8 {[%emt 0:03:12]} 33. Rd7 {[%emt 0:11:48]} Kg7 {[%emt 0:15:54]} 34. Ra7 {
[%emt 0:03:15]} f5 {[%emt 0:05:31]} 35. a3 {[%emt 0:00:48]} R8c7 {[%emt 0:03:
56]} 36. Rxc7 {[%emt 0:01:14]} Rxc7 {[%emt 0:00:04]} 37. Rd1 {[%emt 0:02:11]}
Rc6 {[%emt 0:00:10]} 38. Rd5 {[%emt 0:00:06]} Kf6 {[%emt 0:01:09]} 39. f4 {
[%emt 0:00:26]} exf4 {[%emt 0:03:59]} 40. exf4 {[%emt 0:00:00]} Ke6 {[%emt 0:
00:00]} 41. Re5+ {[%emt 0:00:11]} Kf6 {[%emt 0:00:24]} 42. Rd5 {[%emt 0:03:32]}
Ke6 {[%emt 0:00:06]} 43. Re5+ {[%emt 0:00:03]} Kf6 {[%emt 0:00:03]} 1/2-1/2